[Event "Lvov"]
[Site "Lvov"]
[Date "2003.08.17"]
[Round "10"]
[White "Rouillon, Ludovic"]
[Black "Kryvoruchko, Yuriy"]
[Result "0-1"]
[WhiteElo "2162"]
[BlackElo "2415"]
[PlyCount "88"]
[EventDate "2003.08.09"]
[EventType "tourn"]
[EventRounds "11"]
[EventCountry "UKR"]
[EventCategory "2"]
[SourceTitle "CBM 095 Extra"]
[Source "ChessBase"]
[SourceDate "2003.09.04"]
[SourceVersion "1"]
[SourceVersionDate "2003.09.04"]
[SourceQuality "1"]

1. e4 g6 2. d4 d6 3. Nc3 Bg7 4. Nf3 Nf6 5. Be3 c6 6. Qd2 0-0 7. Bd3 Qc7 8. 0-0 e5 9. dxe5 dxe5 10. a4 a5 11. Bh6 Na6 12. Bxg7 Kxg7 13. Bxa6 Rxa6 14. h3 Nh5 15. Rad1 Nf4 16. Qd6 Qxd6 17. Rxd6 f6 18. Rfd1 Kf7 19. Rd8 Ne6 20. Rxf8+ Kxf8 21. Nd2 Ke7 22. Nc4 Nd4 23. f4 Nxc2 24. fxe5 Be6 25. exf6+ Kxf6 26. b3 Bxc4 27. bxc4 Rb6 28. Rd2 Na3 29. c5 Rb3 30. Ne2 Rb4 31. Rd7 Rxe4 32. Kf2 Re7 33. Rd6+ Ke5 34. Rd8 Nc2 35. Ng1 Nb4 36. Nf3+ Kf6 37. Rd6+ Kg7 38. Ng5 Na6 39. Ne6+ Kf7 40. Ng5+ Ke8 41. Ne6 Rd7 42. Rxd7 Kxd7 43. Nf8+ Ke7 44. Nxh7 Nxc5 0-1

[Event "Lvov"]
[Site "Lvov"]
[Date "2003.08.16"]
[Round "9"]
[White "Hermanov, Alexander"]
[Black "Rouillon, Ludovic"]
[Result "1/2-1/2"]
[WhiteElo "2268"]
[BlackElo "2162"]
[PlyCount "74"]
[EventDate "2003.08.09"]
[EventType "tourn"]
[EventRounds "11"]
[EventCountry "UKR"]
[EventCategory "2"]
[SourceTitle "CBM 095 Extra"]
[Source "ChessBase"]
[SourceDate "2003.09.04"]
[SourceVersion "1"]
[SourceVersionDate "2003.09.04"]
[SourceQuality "1"]

1. d4 Nf6 2. c4 g6 3. Nc3 Bg7 4. e4 d6 5. Bg5 0-0 6. Qd2 Nc6 7. d5 Ne5 8. f4 Ned7 9. Nf3 Nc5 10. Bd3 c6 11. Rb1 b5 12. cxb5 cxd5 13. Bxf6 Nxd3+ 14. Qxd3 dxe4 15. Nxe4 exf6 16. 0-0 Bf5 17. Qd5 Be6 18. Qxd6 Bxa2 19. Rbc1 f5 20. Qxd8 Rfxd8 21. Nc3 Bc4 22. Rfe1 Rab8 23. Re7 Bxb5 24. Nxb5 Rxb5 25. Rxa7 Bd4+ 26. Nxd4 Rxd4 27. Rc8+ Kg7 28. Rcc7 Rd1+ 29. Kf2 Rxb2+ 30. Ke3 Re1+ 31. Kd3 Rxg2 32. Rxf7+ Kg8 33. Rg7+ Kf8 34. Rxh7 Kg8 35. Rhb7 Re8 36. Rg7+ Kh8 37. h4 Rg4 1/2-1/2

[Event "Lvov"]
[Site "Lvov"]
[Date "2003.08.15"]
[Round "8"]
[White "Rouillon, Ludovic"]
[Black "Ustianovich, Nazar"]
[Result "0-1"]
[WhiteElo "2162"]
[BlackElo "2261"]
[PlyCount "84"]
[EventDate "2003.08.09"]
[EventType "tourn"]
[EventRounds "11"]
[EventCountry "UKR"]
[EventCategory "2"]
[SourceTitle "CBM 095 Extra"]
[Source "ChessBase"]
[SourceDate "2003.09.04"]
[SourceVersion "1"]
[SourceVersionDate "2003.09.04"]
[SourceQuality "1"]

1. e4 c5 2. d3 Nc6 3. g3 g6 4. Bg2 Bg7 5. Nf3 d6 6. 0-0 Nf6 7. c3 0-0 8. Nbd2 e5 9. Re1 Re8 10. a3 d5 11. exd5 Nxd5 12. Ne4 b6 13. c4 Nc7 14. b4 cxb4 15. Qa4 Bb7 16. axb4 Ne6 17. b5 Ne7 18. Ba3 Nc8 19. Rad1 f5 20. Nc3 Qc7 21. Nd5 Bxd5 22. cxd5 Nc5 23. Bxc5 bxc5 24. Ng5 Nd6 25. Ne6 Qb6 26. Nxg7 Kxg7 27. Qa1 Nf7 28. d6 Rad8 29. Bc6 Re6 30. f4 Rdxd6 31. fxe5 Rd4 32. Qc1 Nxe5 33. Qe3 Rdd6 34. Bg2 Nxd3 35. Rxd3 Rxe3 36. Rdxe3 c4 37. Kh1 Qxb5 38. Re7+ Kh6 39. h4 Rd7 40. R7e6 Rc7 41. Bf3 c3 42. h5 c2 0-1

[Event "FRA-chT2W 0203"]
[Site "France"]
[Date "2003.04.05"]
[Round "10"]
[White "Rouillon, Ludovic"]
[Black "Guyot, Emmanuel"]
[Result "1-0"]
[WhiteElo "2155"]
[BlackElo "2120"]
[PlyCount "49"]
[EventDate "2002.10.??"]
[EventType "team"]
[EventRounds "11"]
[EventCountry "FRA"]
[SourceTitle "EXT 2004"]
[Source "ChessBase"]
[SourceDate "2003.11.25"]
[SourceVersion "1"]
[SourceVersionDate "2003.11.25"]
[SourceQuality "1"]
[WhiteTeam "Le Mans"]
[BlackTeam "Le Chesnay"]
[WhiteTeamCountry "FRA"]
[BlackTeamCountry "FRA"]

1. e4 e5 2. Nf3 Nc6 3. Bb5 Nd4 4. Nxd4 exd4 5. 0-0 Bc5 6. d3 Ne7 7. c3 0-0 8. Bg5 c6 9. Ba4 f6 10. b4 Bb6 11. Bf4 d5 12. Bb3 Kh8 13. c4 dxe4 14. c5 Bc7 15. Bxc7 Qxc7 16. dxe4 Rd8 17. Nd2 f5 18. Re1 b5 19. Nf3 Qf4 20. g3 Qh6 21. Ne5 Be6 22. exf5 Nxf5 23. Nxc6 Bxb3 24. Nxd8 Bd5 25. Re8+ 1-0

[Event "Le Mans 3rd"]
[Site "Le Mans"]
[Date "2003.03.02"]
[Round "9"]
[White "Crouan, Stephane"]
[Black "Rouillon, Ludovic"]
[Result "1-0"]
[WhiteElo "2275"]
[BlackElo "2155"]
[PlyCount "87"]
[EventDate "2003.02.23"]
[EventType "tourn"]
[EventRounds "9"]
[EventCountry "FRA"]
[EventCategory "3"]
[SourceTitle "EXT 2004"]
[Source "ChessBase"]
[SourceDate "2003.11.25"]
[SourceVersion "1"]
[SourceVersionDate "2003.11.25"]
[SourceQuality "1"]

1. d4 Nf6 2. Bg5 Ne4 3. h4 d5 4. Nd2 Nd6 5. e3 h6 6. Bf4 e6 7. Bd3 Nd7 8. Ngf3 c5 9. c3 Be7 10. Qe2 Qb6 11. b3 cxd4 12. exd4 Nf6 13. 0-0 Bd7 14. c4 Qd8 15. Ne5 0-0 16. Rfe1 Re8 17. g4 Nfe4 18. Ndf3 b6 19. Kg2 Rc8 20. Rh1 f5 21. Nxd7 Qxd7 22. Ne5 Qb7 23. f3 dxc4 24. bxc4 Nf6 25. c5 bxc5 26. Ba6 Qd5 27. Bxc8 fxg4 28. Ba6 cxd4 29. Rae1 Nh5 30. Nd3 gxf3+ 31. Qxf3 Qxa2+ 32. Qe2 Qxa6 33. Qxe6+ Kh8 34. Bxd6 Qxd3 35. Qe4 Qd2+ 36. Re2 Nf6 37. Qf3 Qa5 38. Bxe7 Nd5 39. Bg5 Rc8 40. Rhe1 Qb5 41. Qf7 Qc6 42. Re8+ Kh7 43. Qg8+ Kg6 44. R1e6+ 1-0

[Event "FRA-chT2W 0203"]
[Site "France"]
[Date "2003.01.18"]
[Round "5"]
[White "Rouillon, Ludovic"]
[Black "Tranchant, Sebastien"]
[Result "1-0"]
[WhiteElo "2155"]
[BlackElo "2144"]
[PlyCount "67"]
[EventDate "2002.10.??"]
[EventType "team"]
[EventRounds "11"]
[EventCountry "FRA"]
[SourceTitle "EXT 2004"]
[Source "ChessBase"]
[SourceDate "2003.11.25"]
[SourceVersion "1"]
[SourceVersionDate "2003.11.25"]
[SourceQuality "1"]
[WhiteTeam "Le Mans"]
[BlackTeam "Poitiers Buxerolles"]
[WhiteTeamCountry "FRA"]
[BlackTeamCountry "FRA"]

1. e4 c5 2. d3 g6 3. g3 Bg7 4. Bg2 Nc6 5. f4 d6 6. Nf3 Nf6 7. 0-0 0-0 8. Nc3 Rb8 9. h3 b5 10. g4 Nd7 11. g5 b4 12. Ne2 Nb6 13. f5 d5 14. Nh4 dxe4 15. Bxe4 Bb7 16. Nf4 Qd4+ 17. Kh1 Ne5 18. Bxb7 Rxb7 19. Qe2 Qd6 20. Qg2 Rd7 21. Be3 Nc6 22. f6 exf6 23. gxf6 Bxf6 24. Nf5 Qc7 25. Nh6+ Kh8 26. Bxc5 Ne7 27. Bxb4 Bg7 28. Bc3 Ned5 29. Ne6 Qxc3 30. bxc3 fxe6 31. Rxf8+ Bxf8 32. Qg5 Nxc3 33. Qe5+ Bg7 34. Qb8+ 1-0

[Event "Le Mans 3rd"]
[Site "Le Mans"]
[Date "2003.??.??"]
[Round "4"]
[White "Rouillon, Ludovic"]
[Black "Kazakov, Mikhail"]
[Result "1/2-1/2"]
[WhiteElo "2155"]
[BlackElo "2451"]
[PlyCount "93"]
[EventDate "2003.02.23"]
[EventType "tourn"]
[EventRounds "9"]
[EventCountry "FRA"]
[EventCategory "3"]
[SourceTitle "EXT 2004"]
[Source "ChessBase"]
[SourceDate "2003.11.25"]
[SourceVersion "1"]
[SourceVersionDate "2003.11.25"]
[SourceQuality "1"]

1. e4 c5 2. Nc3 Nc6 3. g3 g6 4. Bg2 Bg7 5. d3 e6 6. Be3 d6 7. Qd2 Rb8 8. Nge2 Nd4 9. 0-0 Ne7 10. Rab1 0-0 11. b4 b6 12. b5 Bb7 13. Nf4 d5 14. f3 Nxc2 15. Qxc2 d4 16. Bd2 dxc3 17. Bxc3 Bd4+ 18. Kh1 e5 19. Ne2 Bxc3 20. Qxc3 Qd6 21. f4 f6 22. fxe5 Qxe5 23. Qxe5 fxe5 24. Bh3 Nf5 25. Kg1 Ne3 26. Be6+ Kg7 27. Rxf8 Rxf8 28. Re1 Rf6 29. Bb3 Ng4 30. Nc3 Rf3 31. Bc4 h5 32. Nd1 Bc8 33. Kg2 Rf8 34. h3 Nf6 35. Rf1 Re8 36. Ne3 Be6 37. Bxe6 Rxe6 38. Nc4 Ne8 39. a4 Nd6 40. Ne3 Re8 41. Nd5 Re6 42. Kf3 Ne8 43. Ke3 Rd6 44. a5 Nf6 45. axb6 axb6 46. Nxf6 Rxf6 47. Rxf6 1/2-1/2

[Event "Le Mans 2nd"]
[Site "Le Mans"]
[Date "2002.??.??"]
[Round "9"]
[White "Mohandesi, Shahin"]
[Black "Rouillon, Ludovic"]
[Result "1/2-1/2"]
[WhiteElo "2324"]
[BlackElo "2235"]
[PlyCount "152"]
[EventDate "2002.02.17"]
[EventType "tourn"]
[EventRounds "9"]
[EventCountry "FRA"]
[EventCategory "4"]
[SourceTitle "EXT 2003"]
[Source "ChessBase"]
[SourceDate "2002.11.25"]
[SourceVersion "1"]
[SourceVersionDate "2002.11.25"]
[SourceQuality "1"]

1. c4 Nf6 2. Nc3 g6 3. g3 Bg7 4. Bg2 0-0 5. d3 d6 6. h3 e5 7. e4 c6 8. Nge2 Be6 9. 0-0 Qd7 10. Kh2 Ne8 11. b3 f5 12. d4 Nf6 13. exf5 gxf5 14. Ba3 Re8 15. Qd2 Bf7 16. Rad1 e4 17. d5 c5 18. f3 Qe7 19. Rde1 Nbd7 20. fxe4 Nxe4 21. Nxe4 fxe4 22. Nf4 e3 23. Qc2 Qg5 24. Bb2 Bd4 25. Bxd4 cxd4 26. Qd3 Qg7 27. Ne2 Nc5 28. Qxd4 Bg6 29. Qxg7+ Kxg7 30. Nf4 e2 31. Rf2 Nd3 32. Nxd3 Bxd3 33. Kg1 b5 34. cxb5 Bxb5 35. Rf4 Rac8 36. Rb4 Bd3 37. Ra4 Re7 38. Rd4 Ba6 39. Re4 Rxe4 40. Bxe4 Rf8 41. Bg2 Bd3 42. h4 h5 43. Bh3 Rf3 44. Bg2 Rf8 45. Rc1 Kg6 46. Re1 Rf5 47. Bh3 Rf3 48. Bg2 Rxg3 49. Kf2 Rg4 50. Bf3 Rxh4 51. Ke3 Ba6 52. Bxe2 Bxe2 53. Rxe2 Rh1 54. Ke4 h4 55. Kf4 Rf1+ 56. Kg4 Rd1 57. Re6+ Kf7 58. Rxd6 a5 59. Kxh4 a4 60. bxa4 Rd4+ 61. Kg5 Ke7 62. Re6+ Kd7 63. Re3 Rxa4 64. Re2 Kd6 65. Kf6 Kxd5 66. Ke7 Kc4 67. Kd6 Kb4 68. Kc6 Ka3 69. Kc5 Rh4 70. Rc2 Rh1 71. Kc4 Ra1 72. Rh2 Rxa2 73. Rh3+ Kb2 74. Rh2+ Ka3 75. Rh3+ Kb2 76. Rh2+ Ka3 1/2-1/2

[Event "Le Mans 2nd"]
[Site "Le Mans"]
[Date "2002.??.??"]
[Round "5"]
[White "Rouillon, Ludovic"]
[Black "Le Roux, Jean Pierre"]
[Result "0-1"]
[WhiteElo "2235"]
[BlackElo "2325"]
[PlyCount "144"]
[EventDate "2002.02.17"]
[EventType "tourn"]
[EventRounds "9"]
[EventCountry "FRA"]
[EventCategory "4"]
[SourceTitle "EXT 2003"]
[Source "ChessBase"]
[SourceDate "2002.11.25"]
[SourceVersion "1"]
[SourceVersionDate "2002.11.25"]
[SourceQuality "1"]

1. e4 c5 2. Nc3 Nc6 3. g3 g6 4. Bg2 Bg7 5. d3 e6 6. Be3 d6 7. Qd2 Rb8 8. Nge2 Nd4 9. 0-0 Ne7 10. Nc1 0-0 11. Nd1 b6 12. c3 Ndc6 13. d4 cxd4 14. cxd4 d5 15. e5 Ba6 16. Re1 Nf5 17. f4 Qe7 18. a3 Na5 19. b3 Rfc8 20. Nc3 Qc7 21. N3a2 Bf8 22. Nb4 Bb5 23. g4 Nxe3 24. Rxe3 Nc6 25. Rc3 Qd8 26. Nxc6 Bxc6 27. Bf1 Bd7 28. Na2 Rxc3 29. Nxc3 Qh4 30. Be2 Rc8 31. Kg2 Rc7 32. b4 g5 33. Rf1 gxf4 34. Qxf4 Be8 35. Qf3 Bh6 36. Nd1 Qg5 37. Rf2 Rc2 38. Bd3 Rxf2+ 39. Nxf2 Qe3 40. h3 Qxf3+ 41. Kxf3 Bc1 42. b5 Bxa3 43. h4 h6 44. Nh3 Be7 45. g5 Kg7 46. Kg4 Bb4 47. Ng1 Bd2 48. Nf3 Be3 49. Kg3 hxg5 50. hxg5 Kf8 51. Kg2 Ke7 52. Kf1 Kd8 53. Ke2 Bf4 54. Kf2 Kc7 55. Kg2 a6 56. bxa6 b5 57. Kh3 Kb6 58. Kg4 Be3 59. Kh5 b4 60. Kh6 b3 61. Kg7 b2 62. Kf8 Bb5 63. Bb1 Be2 64. Kxf7 Bxf3 65. g6 Bh6 66. a7 Kxa7 67. Kxe6 Be4 68. Ba2 Bxg6 69. Kxd5 Kb7 70. Kd6 Kc8 71. Ke7 Bg5+ 72. Kf8 Kd7 0-1

[Event "Mans"]
[Site "Mans"]
[Date "2001.??.??"]
[Round "9"]
[White "Colin, Vincent"]
[Black "Rouillon, Ludovic"]
[Result "1/2-1/2"]
[WhiteElo "2324"]
[BlackElo "2153"]
[PlyCount "30"]
[EventDate "2001.02.??"]
[EventType "tourn"]
[EventRounds "9"]
[EventCountry "FRA"]
[EventCategory "4"]
[SourceTitle "EXT 2002"]
[Source "ChessBase"]
[SourceDate "2001.11.25"]
[SourceVersion "1"]
[SourceVersionDate "2001.11.25"]
[SourceQuality "1"]

1. d4 Nf6 2. c4 g6 3. Nc3 Bg7 4. e4 d6 5. Nf3 0-0 6. Be2 e5 7. dxe5 dxe5 8. Qxd8 Rxd8 9. Bg5 Re8 10. Nd5 Nxd5 11. cxd5 c6 12. Bc4 cxd5 13. Bxd5 Nd7 14. Rc1 Nb6 15. Bb3 Be6 1/2-1/2

[Event "Avoine op 16th"]
[Site "Avoine"]
[Date "2001.??.??"]
[Round "6"]
[White "Rouillon, Ludovic"]
[Black "Chartier, Antoine"]
[Result "0-1"]
[WhiteElo "2175"]
[BlackElo "1940"]
[PlyCount "66"]
[EventDate "2001.07.??"]
[EventType "swiss"]
[EventRounds "7"]
[EventCountry "FRA"]
[SourceTitle "EXT 2003"]
[Source "ChessBase"]
[SourceDate "2002.11.25"]
[SourceVersion "1"]
[SourceVersionDate "2002.11.25"]
[SourceQuality "1"]

1. e4 Nf6 2. e5 Nd5 3. c4 Nb6 4. d4 d6 5. exd6 cxd6 6. Nf3 g6 7. h3 Bg7 8. Be2 Bf5 9. 0-0 0-0 10. Nc3 Nc6 11. Be3 d5 12. c5 Nc4 13. Bc1 b6 14. g4 Be6 15. cxb6 axb6 16. b3 Nd6 17. Bf4 Ra5 18. a4 h5 19. Ne5 Nxe5 20. dxe5 Ne4 21. Nb5 d4 22. b4 Rxb5 23. axb5 Nc3 24. Qd3 Qc8 25. Rfc1 hxg4 26. Bf1 Rd8 27. h4 Qd7 28. Bg2 Bd5 29. Ra6 Bxg2 30. Kxg2 Nd5 31. Qxd4 Qf5 32. Be3 Bh6 33. Qc4 Nxe3+ 0-1

[Event "Avoine op 16th"]
[Site "Avoine"]
[Date "2001.??.??"]
[Round "5"]
[White "Salaun, Michel"]
[Black "Rouillon, Ludovic"]
[Result "1-0"]
[WhiteElo "1920"]
[BlackElo "2175"]
[PlyCount "117"]
[EventDate "2001.07.??"]
[EventType "swiss"]
[EventRounds "7"]
[EventCountry "FRA"]
[SourceTitle "EXT 2003"]
[Source "ChessBase"]
[SourceDate "2002.11.25"]
[SourceVersion "1"]
[SourceVersionDate "2002.11.25"]
[SourceQuality "1"]

1. Nf3 Nf6 2. d4 g6 3. Bg5 Bg7 4. Nbd2 d6 5. e4 0-0 6. Be2 Nbd7 7. 0-0 e5 8. dxe5 dxe5 9. c3 h6 10. Bh4 Qe7 11. Qc2 b6 12. Bb5 Qc5 13. a4 a6 14. b4 Qd6 15. Bc4 Bb7 16. Rfd1 g5 17. Bg3 Qe7 18. Re1 Ne8 19. Bd3 Nd6 20. Nf1 c5 21. Ne3 Rfc8 22. bxc5 Rxc5 23. Nd5 Bxd5 24. exd5 Rxd5 25. Rad1 Kh8 26. Nd4 Qf6 27. Be4 Rc8 28. Bxd5 exd4 29. Bxd6 Qxd6 30. Qf5 Rf8 31. Be4 Nf6 32. Rxd4 Qc7 33. Bb1 Qxc3 34. Red1 Qa3 35. Rd8 Qe7 36. R8d6 Re8 37. h3 Kg8 38. Rxb6 Qe2 39. Rbd6 Bf8 40. R6d2 Qe5 41. Rd5 Qxf5 42. Rxf5 Kg7 43. Ra5 Re2 44. Rxa6 Bc5 45. Rc6 Ba7 46. Rc2 Re4 47. a5 Ra4 48. Ra2 Rb4 49. Bf5 Rf4 50. Bb1 g4 51. g3 Rb4 52. h4 Rb3 53. Kg2 Nh5 54. Bd3 f5 55. Rc2 Bb8 56. Bxf5 Bxg3 57. fxg3 Rxg3+ 58. Kf1 Nf4 59. Be4 1-0

[Event "Montpellier op 7th"]
[Site "Montpellier"]
[Date "2000.07.??"]
[Round "7"]
[White "Rouillon, Ludovic"]
[Black "Santo Roman, Marc"]
[Result "1/2-1/2"]
[WhiteElo "2167"]
[BlackElo "2418"]
[PlyCount "97"]
[EventDate "2000.07.05"]
[EventType "swiss"]
[EventRounds "9"]
[EventCountry "FRA"]
[SourceTitle "EXT 2001"]
[Source "ChessBase"]
[SourceDate "2000.11.22"]
[SourceVersion "1"]
[SourceVersionDate "2000.11.22"]
[SourceQuality "1"]

1. e4 c5 2. Nc3 Nc6 3. g3 g6 4. Bg2 Bg7 5. d3 d6 6. Be3 Rb8 7. Qd2 b5 8. Nge2 Nd4 9. 0-0 b4 10. Nd5 e5 11. Nc1 Nf6 12. c3 bxc3 13. bxc3 Ne6 14. f4 exf4 15. gxf4 Ng4 16. h3 Nxe3 17. Nxe3 0-0 18. f5 Nc7 19. Ne2 Qg5 20. Rf4 h5 21. Raf1 Be5 22. R4f3 Ba6 23. Nf4 Rbe8 24. R1f2 Kh7 25. Qc2 Qh6 26. h4 Qg7 27. d4 Bf6 28. Rh3 Bc8 29. Rff3 cxd4 30. cxd4 Nb5 31. fxg6+ fxg6 32. Nxh5 gxh5 33. e5+ Kh8 34. exf6 Rxf6 35. Rhg3 Bg4 36. Qc6 Rxe3 37. Rxe3 Nxd4 38. Qc4 Rf8 39. Be4 Qf6 40. Rg2 Rc8 41. Qf1 Qe7 42. Qf4 Rc1+ 43. Kf2 Kg7 44. Reg3 Qf6 45. Rxg4+ hxg4 46. Rxg4+ Kf7 47. Qxf6+ Kxf6 48. h5 Ke6 49. h6 1/2-1/2

[Event "Avoine op 14th"]
[Site "Avoine"]
[Date "1999.??.??"]
[Round "1"]
[White "Ivanov, Mikhail M"]
[Black "Rouillon, Ludovic"]
[Result "1/2-1/2"]
[WhiteElo "2495"]
[BlackElo "2133"]
[PlyCount "84"]
[EventDate "1999.07.??"]
[EventType "swiss"]
[EventRounds "9"]
[EventCountry "FRA"]
[SourceTitle "EXT 2000"]
[Source "ChessBase"]
[SourceDate "1999.11.16"]
[SourceVersion "1"]
[SourceVersionDate "1999.11.16"]
[SourceQuality "1"]

1. Nf3 Nf6 2. c4 g6 3. Nc3 Bg7 4. e4 d6 5. d4 0-0 6. h3 e5 7. d5 Nh5 8. Be3 f5 9. exf5 gxf5 10. Be2 Nf6 11. Qc2 Qe7 12. g3 c6 13. 0-0-0 cxd5 14. cxd5 a6 15. Nh4 f4 16. gxf4 exf4 17. Bd4 Ne8 18. Bg4 Bxd4 19. Rxd4 Ng7 20. Bxc8 Qxh4 21. Bg4 a5 22. Qd2 Na6 23. Rxf4 Kh8 24. Rxf8+ Rxf8 25. f3 Nc5 26. Ne4 Nxe4 27. fxe4 Qf6 28. Qxa5 h5 29. Bd7 Qf4+ 30. Qd2 Qxe4 31. Qh6+ Kg8 32. Be6+ Nxe6 33. Rg1+ Kf7 34. dxe6+ Ke8 35. Qxh5+ Kd8 36. Qg5+ Kc8 37. e7 Qc4+ 38. Kb1 Qd3+ 39. Kc1 Qc4+ 40. Kd1 Qd4+ 41. Ke2 Qf2+ 42. Kd1 Qd4+ 1/2-1/2

[Event "Lvov"]
[Site "Lvov"]
[Date "1999.??.??"]
[Round "?"]
[White "Rouillon, Ludovic"]
[Black "Grabinsky, Vladimir"]
[Result "0-1"]
[WhiteElo "2133"]
[BlackElo "2242"]
[PlyCount "84"]
[EventDate "1999.??.??"]
[EventType "tourn"]
[EventRounds "11"]
[EventCountry "UKR"]
[EventCategory "3"]
[SourceTitle "EXT 2002"]
[Source "ChessBase"]
[SourceDate "2001.11.25"]
[SourceVersion "1"]
[SourceVersionDate "2001.11.25"]
[SourceQuality "1"]

1. e4 c5 2. Nc3 Nc6 3. g3 g6 4. Bg2 Bg7 5. d3 Rb8 6. Be3 d6 7. Qd2 b5 8. Nge2 b4 9. Nd1 Nd4 10. 0-0 e6 11. Nc1 Ne7 12. c3 bxc3 13. bxc3 Ndc6 14. Bh6 0-0 15. Bxg7 Kxg7 16. Ne3 e5 17. f4 Ba6 18. f5 f6 19. h4 Bc8 20. fxg6 hxg6 21. g4 Be6 22. Ne2 Qd7 23. Bf3 Rh8 24. Qe1 Rb2 25. Nd5 Bf7 26. Qg3 Nxd5 27. exd5 Ne7 28. d4 cxd4 29. cxd4 Bxd5 30. dxe5 fxe5 31. Bxd5 Nxd5 32. Qf3 Qe6 33. Rad1 Rb5 34. a4 Rc5 35. Rb1 Qe7 36. Rb5 Rhc8 37. Ng3 Rxb5 38. axb5 Nf4 39. h5 Qh4 40. hxg6 Nh3+ 41. Kg2 Rc2+ 42. Ne2 Nf4+ 0-1

[Event "Lvov"]
[Site "Lvov"]
[Date "1999.??.??"]
[Round "?"]
[White "Zajarnyi, Anatolyi"]
[Black "Rouillon, Ludovic"]
[Result "1-0"]
[WhiteElo "2395"]
[BlackElo "2133"]
[PlyCount "81"]
[EventDate "1999.??.??"]
[EventType "tourn"]
[EventRounds "11"]
[EventCountry "UKR"]
[EventCategory "3"]
[SourceTitle "EXT 2002"]
[Source "ChessBase"]
[SourceDate "2001.11.25"]
[SourceVersion "1"]
[SourceVersionDate "2001.11.25"]
[SourceQuality "1"]

1. e4 c5 2. b4 cxb4 3. a3 bxa3 4. Nxa3 d6 5. d4 Nf6 6. Bd3 e5 7. c3 Be7 8. Ne2 0-0 9. 0-0 b6 10. f4 Bb7 11. Ng3 Nbd7 12. fxe5 dxe5 13. Nc4 b5 14. Na5 Qc7 15. Nf5 Rfe8 16. Qf3 Bf8 17. Ba3 Rab8 18. Bxf8 Rxf8 19. d5 g6 20. Ne7+ Kg7 21. Nac6 Rbe8 22. Rxa7 Rxe7 23. Nxe7 Qb8 24. Rfa1 Nc5 25. Nc6 Bxc6 26. dxc6 Qb6 27. Kh1 Nxd3 28. Qxd3 Ng4 29. Qe2 Nf2+ 30. Kg1 Nxe4+ 31. Kf1 Qxc6 32. R1a6 Qd5 33. Rb6 Nxc3 34. Qe3 Qd1+ 35. Kf2 Qc2+ 36. Kg3 Ne4+ 37. Kh3 Nf2+ 38. Kh4 g5+ 39. Qxg5+ Qg6 40. Rxg6+ hxg6 41. Qxe5+ 1-0